000 00321 a2200157 4500
001 66485
020 _a9788565206952
040 _cAnchieta - Pituba
100 _aMeunier, Henri
240 1 0 _aCem grilos
_lpor
245 1 0 _aCem grilos
300 _a46
362 0 _a2015
650 4 _aLiteratura juvenil
942 _cBK
999 _c66485
_d66485